LEADER 01255nam0 22003133i 450 001 SBL0684190 005 20231121125830.0 100 $a20140929e19681889||||0itac50 ba 101 | $ager$alat$agrc 102 $anl 181 1$6z01$ai $bxxxe 182 1$6z01$an 200 1 $aHandbuch der lateinischen und griechischen Synonymik$fvon J. H. Heinr. Schmidt 205 $aEditio stereotypa 210 $aAmsterdam$cHakkert$d1968 215 $aXII, 844 p.$d23 cm 300 $aRiproduzione dell'edizione: Leipzig : Teubner, 1889 676 $a413.028$9Dizionari delle forme standard delle lingue. Lessicografia.$v22 676 $a475$9Grammatica del latino classico.$v22 676 $a485$9Grammatica del greco classico.$v22 700 1$aSchmidt$b, Johan Hermann Heinrich$3SBLV297700$4070$01050439 801 3$aIT$bIT-01$c20140929 850 $aIT-FR0017 899 $aBiblioteca umanistica Giorgio Aprea$bFR0017 $eN 912 $aSBL0684190 950 0$aBiblioteca umanistica Giorgio Aprea$d 52S.SIJ. G3 HLGS.Sch.$e 52BUN0000011925 VMB RS Fondo originale Sijpesteijn$fC $h20140929$i20140929 977 $a 52 996 $aHandbuch der lateinischen und griechischen Synonymik$92480201 997 $aUNICAS LEADER 01972nam0 22004093i 450 001 VAN0176052 005 20230616085958.232 017 70$2N$a9783319215723 100 $a20210706d2016 |0itac50 ba 101 $aeng 102 $aCH 105 $a|||| ||||| 200 1 $aTowards a Spin-Ensemble Quantum Memory for Superconducting Qubits$eDesign and Implementation of the Write, Read and Reset Steps$eDoctoral Thesis accepted by the University of Paris VI, France$fCécile Grèzes 210 $aCham$cSpringer$d2016 215 $axiv, 231 p.$cill.$d24 cm 410 1$1001VAN0104193$12001 $aSpringer theses$erecognizing outstanding Ph.D. research$1210 $aBerlin$cSpringer$d2010- 500 1$3VAN0176062$aTowards a Spin-Ensemble Quantum Memory for Superconducting Qubits$91819093 606 $a81-XX$xQuantum theory [MSC 2020]$3VANC019967$2MF 606 $a00A79 (77-XX)$xPhysics [MSC 2020]$3VANC023182$2MF 610 $aHybrid quantum processor$9KW:K 610 $aMulti-qubit register$9KW:K 610 $aNitrogen vacancy center$9KW:K 610 $aQuantum Information Processing$9KW:K 610 $aQuantum memory$9KW:K 610 $aSpin-based hybrid circuit$9KW:K 610 $aSuperconducting quantum processor$9KW:K 620 $aCH$dCham$3VANL001889 700 1$aGrèzes$bCécile$3VANV158695$0814364 712 $aSpringer $3VANV108073$4650 801 $aIT$bSOL$c20240614$gRICA 856 4 $uhttp://doi.org/10.1007/978-3-319-21572-3$zE-book ? Accesso al full-text attraverso riconoscimento IP di Ateneo, proxy e/o Shibboleth 899 $aBIBLIOTECA DEL DIPARTIMENTO DI MATEMATICA E FISICA$1IT-CE0120$2VAN08 912 $fN 912 $aVAN0176052 950 $aBIBLIOTECA DEL DIPARTIMENTO DI MATEMATICA E FISICA$d08CONS e-book 2925 $e08eMF2925 20210706 996 $aTowards a Spin-Ensemble Quantum Memory for Superconducting Qubits$91819093 997 $aUNICAMPANIA